| 000 | 00506nam a22001817a 4500 | ||
|---|---|---|---|
| 003 | CEME | ||
| 005 | 20210628202023.0 | ||
| 008 | 210223b xxu||||| |||| 00| 0 eng d | ||
| 020 | _a81-219-1808-1 | ||
| 040 | _c. | ||
| 082 | _a658.3128 NAI | ||
| 100 |
_aNair, Latha Nair, N.G _957924 |
||
| 245 | _aPersonnel management and industrial relations | ||
| 260 |
_aNEW DELHI _bS.CHAND AND COMPANY _c1991 |
||
| 300 | _aIX,548P | ||
| 650 |
_aINDUSTRIAL RELATIONS PERSONNEL MANAGEMENT _957925 |
||
| 942 |
_cBK _2ddc |
||
| 999 |
_c568165 _d568165 |
||